000 00583nam a2200205Ia 4500
005 20230522101932.0
008 131103s9999 xx 000 0 und d
040 _aLoreto College
041 _aEnglish
082 _a330.954
_bBHA
100 _aBhattacharyya,Dhires
245 _aUnderstanding India's economy
_b a course of analysis
_cDhires Bhattacharyya
250 _a2nd ed.rev.
260 _aCalcutta
_bProgressive Publishers
_c1961
300 _axi,368 p.
_b ill.,tables
650 _aEconomics
651 _aIndia - Economic Conditions
850 _aLCLIB
942 _cBK
999 _c7534
_d58013